000 00423nam a22001457a 4500
003 SISC
005 20170424161742.0
008 170424b xxu||||| |||| 00| 0 eng d
050 _aBJ 1595
_b.H815 2004
100 _aHorne, Richard.
245 _a101 things to do before you die /
_cRichard Horne.
260 _aLondon :
_bBloomsbury,
_c2004.
300 _avii, 101 pages :
_bcolor illustrations ;
_c18 cm.
942 _2lcc
_cBK
999 _c329561
_d329561